00301nam a2200133Ia 4500100001600000650002200016366000700038654002200045245003900067260001900106082001700125300000800142546001700150 aBose/Bimal  aPower electronics f20 apower electronics aPower electronics and motor drives bElsevierc2006 a621.317bBOS a917 aENGLISHcTTL